| 000 | 00780cam a2200277 4500 | ||
|---|---|---|---|
| 008 | 090401t1996 xxu||||| |||| 00| 0 eng d | ||
| 020 | _a0901607959 | ||
| 035 | _a(Sirsi) u76716 | ||
| 041 | _aeng | ||
| 050 | _a333.72 | ||
| 100 | _aLowe, Robert | ||
| 245 | _aDirectory of energy efficient housing. | ||
| 260 |
_aCoventry _bChartered Institute of Housing _c1996 |
||
| 300 | _avii,179p. : ill. ; 23cm. | ||
| 350 | _a15 | ||
| 650 | _aENERGY EFFICIENCY | ||
| 650 | _aENERGY EFFICIENT HOUSING | ||
| 650 | _aHOUSES | ||
| 690 | _aENVIRONMENTAL AND LAND CONSULTANCY-ENERGY | ||
| 700 | _aBell, Malcolm | ||
| 700 | _aJohnson, David | ||
| 710 |
_aChartered Institute of Housing _92394 |
||
| 710 |
_aJoseph Rowntree Foundation _92318 |
||
| 942 | _n0 | ||
| 948 | _c04/03/1997 | ||
| 999 |
_c96235 _d96235 |
||